| 000 | 00502nam a22001817a 4500 | ||
|---|---|---|---|
| 005 | 20240805122930.0 | ||
| 008 | 240805b |||||||| |||| 00| 0 eng d | ||
| 020 | _a0-07-070011-6 | ||
| 082 |
_a629.1 _bAND-I |
||
| 100 | _aAnderson, John. D | ||
| 245 |
_aIntroduction to flight : _b(In SI Units)/ _cby John D. Anderson |
||
| 250 | _a6th ed. | ||
| 260 |
_aIndia : _bMcGraw Hill ; _c2010 . |
||
| 300 |
_axix, 826 p. : _bill ; _c23 cm. |
||
| 500 | _aInclude Index. | ||
| 650 | _aAviation | ||
| 999 |
_c36283 _d36283 |
||